Tech talk : Elementary student's book
Αποθηκεύτηκε σε:
| Κύριος συγγραφέας: | |
|---|---|
| Μορφή: | Βιβλίο |
| Γλώσσα: | Undetermined |
| Έκδοση: |
Oxford
Oxford University Press
2003
|
| Θέματα: | |
| Ετικέτες: |
Προσθήκη ετικέτας
Δεν υπάρχουν, Καταχωρήστε ετικέτα πρώτοι!
|
| Thư viện lưu trữ: | Trung tâm Học liệu Trường Đại học Cần Thơ |
|---|
| LEADER | 00624nam a2200217Ia 4500 | ||
|---|---|---|---|
| 001 | CTU_65705 | ||
| 008 | 210402s9999 xx 000 0 und d | ||
| 020 | |c 164000 | ||
| 082 | |a 428.0071 | ||
| 082 | |b H733 | ||
| 100 | |a Hollett, Vicki | ||
| 245 | 0 | |a Tech talk : | |
| 245 | 0 | |b Elementary student's book | |
| 245 | 0 | |c Vicki Hollett | |
| 260 | |a Oxford | ||
| 260 | |b Oxford University Press | ||
| 260 | |c 2003 | ||
| 650 | |a English language,English language | ||
| 650 | |x Textbooks for foreign speakers.,Study and teaching,Foreign speakers. | ||
| 904 | |i Minh | ||
| 980 | |a Trung tâm Học liệu Trường Đại học Cần Thơ | ||